Culture Générale - Série 2445 - Statistiques

Statistiques générales
  • Ce quiz a été pris 226 fois
  • Le résultat moyen est 7 sur 10
Statistiques - réponses
Question Réponse % Correct
Complétez l'expression : "avoir le coeur sur la ... main
97%
Combien d'étoiles trouve-t-on sur le drapeau chinois ? cinq
94%
Selon l'Ancien Testament, combien de plaies frappèrent l'Egypte ? dix
83%
En quelle année Coluche a-t-il créé "Les restos du coeur" ? 1985
77%
Quelle est la capitale du Népal ? Katmandou
76%
Quel pays défile en premier lors de l'ouverture des Jeux Olympiques ? Grèce
72%
Comment appelle-t-on le signe " & " ? esperluette
65%
Quel était le surnom du coureur cycliste Bernard Hinault ? blaireau
46%
Comment appelle-t-on le fruit du plaqueminier ? kaki
39%
Dans un jeu de cartes, comment se nomme la dame de coeur ? Judith
20%
Aucun quiz correspondant
Distribution des résultats
% des personnes avec chaque résultat
Percentile par nombre de réponses
Votre historique - résultats
Vous n’avez pas pris ce quiz